01262 2200253 4500001002100000005001500021007000300036008004100039020001800080035002000098082000800118084001400126100003000140245004500170250002000215264005200235300004400287336002100331337003000352338002300382520056900405650001700974990001700991INLIS00000000150483820260625080248ta260625 g 0 ind  a979-689-768-7 a0010-0626000033 a330 a330 WAW p0 aWawan HermawanePengarang1 aPengantar Ilmu Ekonomi /cWawan Hermawan aCet. 15 Edisi 1 aTangerang Selatan :bUniversitas Terbuka,c2014 axi, 294 halaman. :bilustrasi ;c21 cm. 2rdacontentateks 2rdamediaatanpa perantara 2rdacarrieravolume aBuku ini mengulas bagaimana ilmu ekonomi berfungsi sebagai alat untuk menjelaskan perilaku manusia dan masyarakat dalam memaksimalkan kepuasan di tengah keterbatasan sumber daya. Materi di dalamnya mencakup:Cakupan dan Metode Ekonomi: Pengenalan awal mengenai ruang lingkup, metodologi, serta cara berpikir ekonomis.Dasar Ekonomi Mikro: Pembahasan umum mengenai mekanisme pasar, interaksi permintaan dan penawaran, serta perilaku konsumen.Dasar Ekonomi Makro: Pengenalan global mengenai kebijakan anggaran, peran pemerintah, stabilitas harga, dan kebijakan publik. 4aIlmu Ekonomi a2022/HD/0513